00523nam a2200193 a 450000100060000000300090000600800410001502000170005604000280007308200090010110000180011024500330012826000240016130000090018549000180019465000490021265000330026165000350029423654CO-ViMGA141112s2004 ck r 000 u spa d a978958051227 aCO-ViMGAbspacCO-ViMGA04aDREa1 aDreser, Elena10aíA volar! / cElena Dreser aColombia : beducar a56p. aAlas de papel14a2 : PALOMAS MENSAJERAS - CUENTOS INFANTILES 14aAMISTAD - CUENTOS INFANTILES14aCUENTOS INFANTILES ARGENTINOS